000 00447nam a2200181Ia 4500
001 1928
005 20260306143804.0
008 260306t2005||||xx |||||||||||||| ||spa||
041 _aESP
082 _a158.1
_bR87
100 _aRovira Celma, Álex
_eAUT
245 0 _aLa brújula Interior:
_bconocimiento y éxito duradero
260 _c2005
300 _a174 páginas :
_c21 cm.
650 _aGEN
654 _aCPS
942 _cLIB
_dJUS
_fJUS
_2ddc
_n
999 _c1928
_d1928